| 000 | 01560nam a22002417a 4500 | ||
|---|---|---|---|
| 001 | 3454 | ||
| 003 | FISKH | ||
| 005 | 20240306161817.0 | ||
| 008 | 240306b cb ||||| |||| 00| 0 eng d | ||
| 020 | _a9780547485805 | ||
| 040 |
_aFISKH _beng _cFISKH _dFISKH |
||
| 050 | _aD21.B87 | ||
| 082 | _a930 | ||
| 100 | _aBurstein, Stanley M. | ||
| 245 |
_aWorld history / _cStanley M. Burstein ; Richard Shek |
||
| 260 |
_aFlorida : _bHolt Mcdougal, _c2012. |
||
| 300 |
_a688, 55 pages : _bcolor illustrations ; _c28 cm |
||
| 520 | _a World History: Student Edition 2012 book is not really ordinary book, you have it then the world is in your hands. The benefit you get by reading this book is actually information inside this reserve incredible fresh, you will get information which is getting deeper an individual read a lot of information you will get. This kind of McDougal Little Middle School World History: Student Edition 2012 without we recognize teach the one who looking at it become critical in imagining and analyzing. Don’t be worry McDougal Little Middle School World History: Student Edition 2012 can bring any time you are and not make your tote space or bookshelves’ grow to be full because you can have it inside your lovely laptop even cell phone. This McDougal Little Middle School World History: Student Edition 2012 having great arrangement in word and layout, so you will not really feel uninterested in reading | ||
| 650 | _aGeneral & world history | ||
| 700 |
_aShek, Richard _e Author |
||
| 942 |
_2ddc _cBK _n0 |
||
| 999 |
_c3454 _d3454 |
||